Регионална библиотека "Любен Каравелов" - Русе

Отровителят (Запис номер 382236)

MARC детайли
000 -Лидер
Контролно поле с фиксирана дължина 01303nam a2200301 a 4500
003 - Код на организацията, давaща контролен номер
Контролно поле BLK
005 - Дата и час на последна редакция
Контролно поле 20230703093013.0
008 - Елементи от данни с фиксирана дължина
fixed length control field 200813b bu |||||r|||| 00| | bu d
020 ## - Международен стандартен номер на книга ISBN
Международен стандартен номер на книга ISBN 9786190106012
040 ## - Източник на каталожния запис
Идентификатор на билиотеката - собственик на записа BLK
041 ## - Код за език
Код за езика на текст/звукозапис или на отделно заглавие Български
Код за езика КДБФ Български
080 ## - УДК
Текстов определител УДК Разузнавателна служба. Тайна служба. Шпионаж. Разузнавателна информация. Вж и 327.84 ; 344.1
УДК код - определител по УДК 355.40
УДК - код + определител 355.40
100 ## - Редна дума - Автор
R(LIN) 427484
Автор Кинзър, Стивън
Авторска отговорност първи автор
139 ## - Редно поле
Редна дума Кинзър, Стивън
Авторски знак Кин - К 54
245 ## - Сведения за заглавието
Заглавие Отровителят
Подзаглавни данни Сидни Готлиб и ЦРУ в търсене на контрол върху съзнанието
Редно поле (дума) Стивън Кинзър; прев. от англ. Елена Филипова.
257 ## - Страна на издаване
Страна на създаване/издаване Съединени американски щати
260 ## - Област на издателските данни
9 (RLIN) 210881
Място на издаване, разпространение и проч. София
Име на издателя, разпространителя и проч. Изток-Запад
Година на издаване 2020
300 ## - Физическа характеристика
Страници 400 с.
Размери/Мащаб 21 см
380 ## - Жанр
Жанр Обществени науки
650 #7 - Допълнително описание по предмет – тема
9 (RLIN) 177248
Основно описание – тема или топоним Централно разузнавателно управление (ЦРУ)
653 #7 - Ключова дума – ненормативна
9 (RLIN) 189108
Ключова дума контрол върху съзнанието
700 ## - Други автори (авторска отговорност)
9 (RLIN) 253751
Лично име Филипова, Елена
Автороска отговорност (Описва отношението между автора и произведението) прев. от англ.
852 ## - Местоположение
Форматна сигнатура Цб 305821
Фондова буква Хранилище
999 ## - СИСТЕМНИ КОНТРОЛНИ НОМЕРА
Koha biblionumber 382236
Koha biblioitemnumber 382236
942 ## - АРТИКУЛИ
Вид на библиотечния материал Книги
Скрит в OPAC Не
Периодичен библиозапис Да
Koha issues (borrowed), all copies 8
944 ## - СЪЗДАВАНЕ И РЕДАКЦИЯ на ЗАПИСА
Създаване/Редакция Редакция
Дата на регистрацията/редакция 2021-02-23
Служител, извършил регистрацията/редакцията ВК
999 ## - СИСТЕМНИ КОНТРОЛНИ НОМЕРА
Koha biblioitemnumber 382236
999 ## - СИСТЕМНИ КОНТРОЛНИ НОМЕРА
Koha biblioitemnumber 382236
Наличности
Код за отписване Код за изгубен артикул Източник на класификационната схема Код за повреда Коз за рестрикции Код за отдаване Артикулен № Име на библиотеката - собственик Име на библиотеката, в която се намира в момента Статус (Текущо местоположение) Дата на вписване в системата Местоположение - отдел Цена в лева Систематично азбучна сигнатура Баркод Цена в евро Служебен тип на артикула
  Не е изгубен Universal Decimal Classification Не е повреден без рестрикции заемане за дома 799459 Регионална библиотека "Любен Каравелов" Русе Регионална библиотека "Любен Каравелов" Русе Заемна - подръчен фонд 2020-09-17 Заемна - подръчен фонд 14.00 355.4/К 54 С 120000846656 7.16 Книги
  Не е изгубен Universal Decimal Classification Не е повреден без рестрикции заемане за дома 799460 Регионална библиотека "Любен Каравелов" Русе Регионална библиотека "Любен Каравелов" Русе Заемна - подръчен фонд 2020-09-17 Заемна - подръчен фонд 14.00 355.4/К 54 С 120000846655 7.16 Книги
  Не е изгубен Universal Decimal Classification Не е повреден без рестрикции заемане за дома 799461 Регионална библиотека "Любен Каравелов" Русе Регионална библиотека "Любен Каравелов" Русе Заемна - подръчен фонд 2020-09-17 Заемна - подръчен фонд 14.00 355.4/К 54 С 120000846654 7.16 Книги
  Не е изгубен Universal Decimal Classification Не е повреден само за читалня ползва се в читалня 813314 Регионална библиотека "Любен Каравелов" Русе Регионална библиотека "Любен Каравелов" Русе Хранилище 2021-02-24 Хранилище 25.00 Цб 305821 120000850901 12.78 Книги
Vip Innovations Ltd, Rousse, Bulgaria 2025